00927 a2200193 45000010006000000050017000060080041000230030015000640400040000790800085001192450060002040200018002642640044002823000019003265050261003450410008006061000020006148560099006345712420260407155834.0260407a1995 arg spa dAR-UNSa-BCEJYS aAR-UNSa-BCEJYSbspacAR-UNSa-BCEJYS a342.4xConstituciones. Asambleas legislativas. Asambleas nacionales (Reforma...)10aComentarios sobre la Constituciónpla reforma de 1994 a950-14-0809-4 1aBuenos Aires :bEdiciones Depalmac1995 a189 p.c23 cm. a1. La reforma constitucional – 2.Nuevos derechos y garantías – 3.El poder legislativo – 4.Atribuciones del congreso – 5.El poder ejecutivo – 6.El poder judicial – 7.Auditoria de la nación y defensor del pueblo – 8.Gobiernos de provincia. aspa1 aNatale, Alberto41uhttps://www.biblioeco.unsa.edu.ar/pmb/images/libros/L128702.jpgyImagen de portadaqimage/jpeg